000 00469nam a22001577a 4500
005 20251108164403.0
008 250721s1990 xx 000 0 ara d
082 1 4 _a226/محم
100 1 _aالخولي، محمد علي
245 1 0 _aمقارنة بين الأناجيل الأربعه /
264 1 _aعمان :
_bدار الفلاح للنشر والتوزيع،
_c1990.
300 _a271ص.
650 1 7 _aالأناجيل
942 _2ddc
_cBK
999 _c10913
_d10913